Monster Hunter (all monsters) - Statistics

Statistiche generali
  • Questo quiz è stato fatto 7 volte
    5 dall'ultimo reset
  • Il punteggio medio è 137 su 332
Statistiche sulle risposte
Category Risposta % Corretto
Fanged Beast Bullfango
100%
Flying Wyvern Rathalos
100%
Fanged Wyvern Zinogre
100%
Flying Wyvern Akantor
67%
Herbivore Anteka
67%
Herbivore Apceros
67%
Herbivore Aptonoth
67%
Bird Wyvern Baggi
67%
Flying Wyvern Barioth
67%
Brute Wyvern Barroth
67%
Flying Wyvern Basarios
67%
Flying Wyvern Bazelgeuse
67%
Fanged Beast Bishaten
67%
Flying Wyvern Black Diablos
67%
Flying Wyvern Black Gravios
67%
Fanged Beast Blango
67%
Fanged Beast Blangonga
67%
Bird Wyvern Blue Yian Kut-Ku
67%
Brute Wyvern Brachydios
67%
Fanged Beast Bulldrome
67%
Piscine Wyvern Cephalos
67%
Elder Dragon Chameleos
67%
Fanged Beast Conga
67%
Fanged Beast Congalala
67%
Carapaceon Daimyo Hermitaur
67%
Brute Wyvern Deviljho
67%
Flying Wyvern Diablos
67%
Fanged Beast Emerald Congalala
67%
Flying Wyvern Espinas
67%
Elder Dragon Fatalis
67%
Fanged Beast Furious Rajang
67%
Brute Wyvern Glavenus
67%
Flying Wyvern Gold Rathian
67%
Flying Wyvern Gravios
67%
Piscine Wyvern Green Plesioth
67%
Bird Wyvern Gypceros
67%
Carapaceon Hermitaur
67%
Neopteron Hornetaur
67%
Bird Wyvern Hypnocatrice
67%
Bird Wyvern Iodrome
67%
Piscine Wyvern Jyuratodus
67%
Flying Wyvern Khezu
67%
Elder Dragon Kirin
67%
Elder Dragon Kushala Daora
67%
Fanged Beast Lagombi
67%
Piscine Wyvern Lavasioth
67%
Flying Wyvern Lucent Nargacuga
67%
Leviathan Ludroth
67%
Elder Dragon Lunastra
67%
Lynian Melynx
67%
Leviathan Mizutsune
67%
Flying Wyvern Monoblos
67%
Flying Wyvern Nargacuga
67%
Flying Wyvern Pink Rathian
67%
Piscine Wyvern Plesioth
67%
Herbivore Popo
67%
Fanged Beast Rajang
67%
Flying Wyvern Rathian
67%
Flying Wyvern Red Khezu
67%
Flying Wyvern Seething Bazelgeuse
67%
Carapaceon Shen Gaoren
67%
Flying Wyvern Silver Rathalos
67%
Elder Dragon Teostra
67%
Amphibian Tetranadon
67%
Flying Wyvern Tigrex
67%
Flying Wyvern Ukanlos
67%
Brute Wyvern Uragaan
67%
Elder Dragon Velkhana
67%
Bird Wyvern Velocidrome
67%
Bird Wyvern Velociprey
67%
Neopteron Vespoid
67%
Elder Dragon White Fatalis
67%
Flying Wyvern White Monoblos
67%
Elder Dragon Yama Tsukami
67%
Bird Wyvern Yian Garuga
67%
Bird Wyvern Yian Kut-Ku
67%
Amphian Zamite
67%
Leviathan Abyssal Lagiacrus
33%
Brute Wyvern Acidic Glavenus
33%
Leviathan Agnaktor
33%
Neopteron Ahtal-Ka
33%
Fanged Beast Ajarakan
33%
Bird Wyvern Aknosom
33%
Elder Dragon Alatreon
33%
Leviathan Almudron
33%
Neopteron Altaroth
33%
Elder Dragon Amatsu
33%
Relict Ancient Leshen
33%
Brute Wyvern Anjanath
33%
Fanged Beast Apex Arzuros
33%
Flying Wyvern Apex Diablos
33%
Leviathan Apex Mizutsune
33%
Flying Wyvern Apex Rathalos
33%
Flying Wyvern Apex Rathian
33%
Fanged Wyvern Apex Zinogre
33%
Flying Wyvern Arkveld
33%
Fanged Beast Arzuros
33%
Elder Dragon Ashen Lao-Shan Lung
33%
Fanged Beast Ash Kecha Wacha
33%
Flying Wyvern Astalos
33%
Leviathan Aurora Somnacanth
33%
Flying Wyvern Azure Rathalos
33%
Leviathan Balahara
33%
Flying Wyvern Baleful Gigginox
33%
Brute Wyvern Banbaro
33%
Wingdrake Barnos
33%
Wingdrake Baunos
33%
Elder Dragon Behemoth
33%
Piscine Wyvern Beotodus
33%
Amphibian Berserk Tetsucabra
33%
Elder Dragon Blackveil Vaal Hazak
33%
Flying Wyvern Bloodbath Diablos
33%
Fanged Beast Blood Orange Bishaten
33%
Neopteron Bnahabra
33%
Lynian Boaboa
33%
Bird Wyvern Boggi
33%
Flying Wyvern Boltreaver Astalos
33%
Fanged Beast Bombadgy
33%
Flying Wyvern Brute Tigrex
33%
Neopteron Bulaqchi
33%
Fanged Beast Canyne
33%
Elder Dragon Ceadeus
33%
Carapaceon Ceanataur
33%
Piscine Wyvern Cephadrome
33%
Herbivore Ceratonoth
33%
Amphian Chatacabra
33%
Neopteron Comaqchi
33%
Fanged Beast Copper Blangonga
33%
Bird Wyvern Coral Pukei-Pukei
33%
Wingdrake Cortos
33%
Elder Dragon Crimson Fatalis
33%
Elder Dragon Crimson Glow Valstrax
33%
Bird Wyvern Crimson Qurupeco
33%
Brute Wyvern Crystalbeard Uragaan
33%
Elder Dragon Dah'ren Mohran
33%
Elder Dragon Dalamadur
33%
Herbivore Dalthydon
33%
Bird Wyvern Deadeye Yian Garuga
33%
Piscine Wyvern Delex
33%
Neopteron Desert Seltas
33%
Neopteron Desert Seltas Queen
33%
Elder Dragon Dire Miralis
33%
Fanged Wyvern Dodogama
33%
Fanged Beast Doshaguma
33%
Flying Wyvern Dreadking Rathalos
33%
Flying Wyvern Dreadqueen Rathian
33%
Amphibian Drilltusk Tetsucabra
33%
Brute Wyvern Duramboros
33%
Fanged Wyvern Ebony Odogaron
33%
Fanged Beast Elderfrost Gammoth
33%
Herbivore Epioth
33%
Lynian Felyne
33%
Flying Wyvern Flaming Espinas
33%
Flying Wyvern Frostfang Barioth
33%
Brute Wyvern Fulgur Anjanath
33%
Elder Dragon Gaismagorm
33%
Lynian Gajalaka
33%
Fish Gajau
33%
Leviathan Gajios
33%
Fanged Beast Gammoth
33%
Fanged Beast Garangolm
33%
Bird Wyvern Gargwa
33%
Herbivore Gastodon
33%
Amphibian Gelidron
33%
Bird Wyvern Gendrome
33%
Bird Wyvern Genprey
33%
Bird Wyvern Giadrome
33%
Bird Wyvern Giaprey
33%
Flying Wyvern Giggi
33%
Flying Wyvern Gigginox
33%
Fanged Wyvern Girros
33%
Leviathan Glacial Agnaktor
33%
Leviathan Gobul
33%
Elder Dragon Gogmazios
33%
Elder Dragon Goldbeard Ceadeus
33%
Elder Dragon Gore Magala
33%
Fanged Beast Goss Harag
33%
Herbivore Gowngoat
33%
Bird Wyvern Great Baggi
33%
Fanged Wyvern Great Girros
33%
Bird Wyvern Great Izuchi
33%
Bird Wyvern Great Jaggi
33%
Fanged Wyvern Great Jagras
33%
Bird Wyvern Great Maccao
33%
Neopteron Great Thunderbug
33%
Bird Wyvern Great Wroggi
33%
Flying Wyvern Green Nargacuga
33%
Lynian Grimalkyne
33%
Flying Wyvern Grimclaw Tigrex
33%
Construct Guardian Arkveld
33%
Construct Guardian Doshaguma
33%
Construct Guardian Ebony Odogaron
33%
Construct Guardian Fulgur Anjanath
33%
Construct Guardian Rathalos
33%
Bird Wyvern Guardian Seikret
33%
Elder Dragon Hallowed Jhen Mohran
33%
Brute Wyvern Hellblade Glavenus
33%
Wingdrake Herpios
33%
Leviathan Hirabami
33%
Elder Dragon Ibushi
33%
Bird Wyvern Ioprey
33%
Leviathan Ivory Lagiacrus
33%
Bird Wyvern Izuchi
33%
Brute Wyvern Jade Barroth
33%
Bird Wyvern Jaggi
33%
Bird Wyvern Jaggia
33%
Fanged Wyvern Jagras
33%
Elder Dragon Jhen Mohran
33%
Leviathan Jin Dahaad
33%
Fanged Beast Kecha Wacha
33%
Herbivore Kelbi
33%
Herbivore Kestodon
33%
Lynian King Shakalaka
33%
Neopteron Konchu
33%
Bird Wyvern Kranodath
33%
Bird Wyvern Kulu-Ya-Ku
33%
Elder Dragon Kulve Taroth
33%
Leviathan Lagiacrus
33%
Temnoceran Lala Barina
33%
Elder Dragon Lao-Shan Lung
33%
Herbivore Larinoth
33%
Flying Wyvern Legiana
33%
Relict Leshen
33%
Fanged Wyvern Lunagaron
33%
Bird Wyvern Maccao
33%
Leviathan Magma Almudron
33%
Fanged Wyvern Magnamalo
33%
Bird Wyvern Malfestio
33%
Elder Dragon Malzeno
33%
Wingdrake Mernos
33%
Flying Tigrex Molten Tigrex
33%
Herbivore Moofah
33%
Herbivore Mosswine
33%
Snake Wyvern Najarala
33%
Elder Dragon Nakarkos
33%
Elder Dragon Namielle
33%
Elder Dragon Narwa
33%
Elder Dragon Narwa the Allmother
33%
Elder Dragon Nergigante
33%
Temnoceran Nerscylla
33%
Temnoceran Nerscylla Hatchling
33%
Leviathan Nibelsnarf
33%
Bird Wyvern Nightcloak Malfestio
33%
Flying Wyvern Nightshade Paolumu
33%
Wingdrake Noios
33%
Cephalopod Nu Udra
33%
Fanged Wyvern Odogaron
33%
Elder Dragon Oroshi Kirin
33%
Flying Wyvern Paolumu
33%
Leviathan Piragill
33%
Carapaceon Plum Daimyo Hermitaur
33%
Bird Wyvern Porkeplume
33%
Elder Dragon Primordial Malzeno
33%
Bird Wyvern Pukei-Pukei
33%
Bird Wyvern Purple Gypceros
33%
Leviathan Purple Ludroth
33%
Temnoceran Pyrantula
33%
Temnoceran Pyre Rakna-Kadaki
33%
Brute Wyvern Quematrice
33%
Bird Wyvern Qurupeco
33%
Temnoceran Rachnoid
33%
Brute Wyvern Radobaan
33%
Herbivore Rafma
33%
Brute Wyvern Raging Brachydios
33%
Temnoceran Rakna-Kadaki
33%
Wingdrake Raphinos
33%
Fanged Beast Redhelm Arzuros
33%
Snake Wyvern Remobra
33%
Flying Wyvern Rey Dau
33%
Herbivore Rhenoplos
33%
Elder Dragon Risen Chameleos
33%
Elder Dragon Risen Crimson Glow Valstrax
33%
Elder Dragon Risen Kushala Daora
33%
Elder Dragon Risen Shagaru Magala
33%
Elder Dragon Risen Teostra
33%
Brute Wyvern Rompopolo
33%
Leviathan Royal Ludroth
33%
Flying Wyvern Ruby Basarios
33%
Elder Dragon Ruiner Nergigante
33%
Brute Wyvern Rust Duramboros
33%
Elder Dragon Rusted Kushala Daora
33%
Carapaceon Rustrazor Ceanataur
33%
Elder Dragon Safi'Jiiva
33%
Flying Wyvern Sand Barioth
33%
Brute Wyvern Savage Deviljho
33%
Bird Wyvern Scarred Yian Garuga
33%
Fanged Wyvern Scorned Magnamalo
33%
Bird Wyvern Seikret
33%
Neopteron Seltas
33%
Neopteron Seltas Queen
33%
Flying Wyvern Seregios
33%
Elder Dragon Shagaru Magala
33%
Elder Dragon Shah Dalamadur
33%
Lynian Shakalaka
33%
Fanged Wyvern Shamos
33%
Elder Dragon Shara Ishvalda
33%
Carapaceon Shogun Ceanataur
33%
Flying Wyvern Shrieking Legiana
33%
Temnoceran Shrouded Nerscylla
33%
Flying Wyvern Sillverwind Nargacuga
33%
Herbivore Slagtoth
33%
Fanged Beast Snowbaron Lagombi
33%
Leviathan Somnacanth
33%
Leviathan Soulseer Mizutsune
33%
Brute Wyvern Steel Uragaan
33%
Carapaceon Stonefist Hermitaur
33%
Fanged Wyvern Stygian Zinogre
33%
Bird Wyvern Talioth
33%
Carapaceon Terra Shogun Ceanataur
33%
Amphibian Tetsucabra
33%
Fanged Wyvern Thunderlord Zinogre
33%
Snake Wyvern Tidal Najarala
33%
Amphibian Tigerstripe Zamtrios
33%
Fanged Wyvern Tobi-Kadachi
33%
Bird Wyvern Tzitzi-Ya-Ku
33%
Leviathan Uroktor
33%
Leviathan Uth Duna
33%
Elder Dragon Vaal Hazak
33%
Elder Dragon Valstrax
33%
Neopteron Vespoid Queen
33%
Leviathan Violet Mizutsune
33%
Fanged Wyvern Viper Tobi-Kadachi
33%
Fanged Beast Volvidon
33%
Bird Wyvern Wroggi
33%
Lynian Wudwud
33%
Fanged Wyvern Wulg
33%
Elder Dragon Xeno'Jiiva
33%
Construct Xu Wu
33%
Amphibian Zamtrios
33%
Construct Zoh Shia
33%
Elder Dragon Zorah Magdaros
33%
Elder Dragon Chaotic Gore Magala
0%
Nessun quiz corrispondente trovato
Distribuzione punteggi
Percentuale di utenti per punteggio
Percentile per numero di risposta
I tuoi punteggi nel tempo
Non hai fatto questo quiz dall'ultimo reset